| 000 | 01254nam0a22002771 4500 | ||
|---|---|---|---|
| 001 | rc\2655419 | ||
| 005 | 20250529192607.0 | ||
| 035 | _a(NLR Aleph) 006962694 | ||
| 090 |
_a5360558 _c5360558 |
||
| 100 | _a20110614d1932 |||y0rusy50 ca | ||
| 101 | 0 |
_achi _arus |
|
| 102 | _aRU | ||
| 105 | _ay e ||||| | ||
| 200 | 1 |
_aLatinxua zhungwen cdian _d拉丁化中文辭典 |
|
| 210 |
_a伯力 _c遠東國家出版部 _d1932 |
||
| 210 |
_aХабаровск _cДальгиз _d1932 _eХабаровск _gТипография №2 Дальполиграфтреста |
||
| 215 |
_a173 с. _d14 см |
||
| 300 | _aНа обороте также загл. на рус. яз.: Латинизированный иероглифический китайско-русский словарь // Дальгиз // Хабаровск - 1932 - Владивосток // Редактор Пшеницин, Технический редактор Тай Фун-лин. | ||
| 606 | 1 |
_aКитайский язык _xСловари _xРусский язык _91340149 _3RU\NLR\AUTH\66558520 |
|
| 702 | 1 |
_aПшеницин _4340 |
|
| 702 | 1 |
_aТай Фун-лин _4750 |
|
| 852 |
_aNLR _bОЛСАА-кит. _j1-222 |
||
| 942 | _cBOOK | ||
| 980 | _aNB | ||
| 980 | 1 | _aCHIN | |